Open Data Biblioteca Nacional de Portugal


República Portuguesa: Ministério da Cultura
Biblioteca Nacional de Portugal

Catálogo da BNP: acesso por Identificadores Unívocos
Registos Bibliográficos associados ao registo de autoridade

Etiqueta de registo: 00000nkm 2200025 450
001 2251548
003 http://id.bnportugal.gov.pt/bib/catbnp/2251548
100 ## $a20260120d1994 m y0pory01030103ba
101 0# $apor
102 ## $aPT
200 1# $aVI Congresso de gastronomia do Minho, em Tempo de Natal, Viana do Castelo, 16, 17 e 18, dezembro, 1994$bVisual gráfico]$fAraújo Soares
210 #9 $a[S.l.$cs.n.],$d1994$eViana do Castelo :$gGutenberg )
215 ## $a1 cartaz$ccolor.$d69x48 cm
675 ## $a766(=1:469)"199"(084.5)$vBN$zpor$3589138
702 #1 $aSoares,$bAraújo$4440$363366
710 02 $aCongresso de Gastronomia do Minho,$d6,$eViana do Castelo,$f1994$31980176
801 #0 $aPT$bBN$gRPC
966 ## $lBN$mICONOG$sCT. 16676 A.$x1
971 ## $cCaticonografia7$d20260120
972 ## $d20260421 $e1$vfpinelo$z0
995 ## $aPRR2026 $d20260120$iCaticonografia7

OpendataBNP@bnportugal.pt | Mais informação sobre acesso aos dados BNP